[Event "Hinton Foothills op"]
[Site "Hinton CAN"]
[Date "1999.02.13"]
[Round "1"]
[White "Gardner, Robert"]
[Black "Rajski, Piotr"]
[Result "1/2-1/2"]
[WhiteElo "2317"]
[BlackElo "1769"]
[PlyCount "86"]
[GameId "2160767911805638"]
[EventDate "1999.02.13"]
[EventType "swiss"]
[EventRounds "4"]
[EventCountry "CAN"]
[SourceTitle "CFC 1999.04"]
[Source "CFC"]
[SourceDate "1999.04.??"]
[SourceVersionDate "1999.04.??"]
[SourceQuality "1"]

1. e4 d5 2. exd5 Nf6 3. d4 Bg4 4. f3 Bf5 5. Bb5+ Bd7 6. Bxd7+ Qxd7 7. c4 e6 8. dxe6 fxe6 9. Ne2 Nc6 10. O-O O-O-O 11. Be3 Bc5 12. Nbc3 Nxd4 13. Nxd4 Bxd4 14. Bxd4 Qxd4+ 15. Qxd4 Rxd4 16. b3 a6 17. Rfe1 Re8 18. Re3 Kd7 19. Rae1 Kd6 20. a3 h6 21. Ne2 Rd2 22. Nf4 e5 23. Ng6 Nd7 24. f4 e4 25. Rxe4 Rxe4 26. Rxe4 Rd3 27. b4 Nf6 28. Re7 Rxa3 29. Rxg7 Ng4 30. c5+ Ke6 31. Nf8+ Kf5 32. g3 Ra1+ 33. Kg2 Ra2+ 34. Kf1 Nxh2+ 35. Ke1 Nf3+ 36. Kd1 Ke4 37. Rxc7 Kd3 38. Rd7+ Nd4 39. Ke1 Kc3 40. Rxb7 Nf3+ 41. Kf1 Nh2+ 42. Kg1 Nf3+ 43. Kf1 Nh2+ 1/2-1/2

[Event "Hinton Foothills op"]
[Site "Hinton CAN"]
[Date "1999.02.13"]
[Round "1"]
[White "Ottosen, David"]
[Black "McMaster, Carolyn"]
[Result "1-0"]
[WhiteElo "2035"]
[BlackElo "1605"]
[PlyCount "57"]
[GameId "2160767911805639"]
[EventDate "1999.02.13"]
[EventType "swiss"]
[EventRounds "4"]
[EventCountry "CAN"]
[SourceTitle "Albertabase"]
[SourceDate "2003.08.17"]
[SourceVersion "1"]
[SourceVersionDate "2003.08.17"]
[SourceQuality "1"]

1. e4 e6 2. d4 d5 3. exd5 exd5 4. c4 Bb4+ 5. Nc3 Be6 6. cxd5 Bxc3+ 7. bxc3 Qxd5 8. Nf3 Nf6 9. Be2 Qa5 10. Bd2 Ne4 11. O-O Nxc3 12. Kh1 Nxd1 13. Bxa5 Nb2 14. Bxc7 O-O 15. Rab1 Rc8 16. Bxb8 Rc2 17. d5 Rxe2 18. Be5 Nd3 19. dxe6 Nxe5 20. Nxe5 Rxe5 21. exf7+ Kxf7 22. Rxb7+ Kg6 23. Rb2 Rae8 24. g3 Re2 25. Rfb1 R8e7 26. Kg2 h6 27. Kf3 R2e5 28. Rb4 Rf7+ 29. Kg2 1-0

[Event "Hinton Foothills op"]
[Site "Hinton CAN"]
[Date "1999.02.13"]
[Round "2"]
[White "Wong, Ford"]
[Black "Ottosen, David"]
[Result "0-1"]
[WhiteElo "1960"]
[BlackElo "2035"]
[PlyCount "96"]
[GameId "2160767911805640"]
[EventDate "1999.02.13"]
[EventType "swiss"]
[EventRounds "4"]
[EventCountry "CAN"]
[SourceTitle "Albertabase"]
[SourceDate "2003.08.17"]
[SourceVersion "1"]
[SourceVersionDate "2003.08.17"]
[SourceQuality "1"]

1. d4 d5 2. c4 Nc6 3. Nf3 Bg4 4. e3 e5 5. dxe5 dxc4 6. Be2 Qxd1+ 7. Bxd1 O-O-O 8. O-O Bxf3 9. Bxf3 Nxe5 10. Be2 Bb4 11. Nc3 Nf6 12. f3 Nd3 13. a3 Bc5 14. Nd1 Rhe8 15. Kh1 Nxc1 16. Rxc1 Bxe3 17. Nxe3 Rxe3 18. Bxc4 Re7 19. Rc2 Nd5 20. Rfc1 Rde8 21. Kg1 Ne3 22. Rc3 Nxc4 23. Rxc4 Re1+ 24. Rxe1 Rxe1+ 25. Kf2 Re7 26. h4 c6 27. g4 Kc7 28. f4 b5 29. Rc5 a5 30. Rh5 h6 31. g5 hxg5 32. Rxg5 f6 33. Rg6 Kd6 34. h5 Rf7 35. h6 gxh6 36. Rxh6 Kc5 37. Rh3 b4 38. Ke2 Rd7 39. axb4+ axb4 40. b3 Kb5 41. Re3 Rd4 42. Kf3 c5 43. f5 c4 44. bxc4+ Rxc4 45. Re6 Rc6 46. Ke3 Rxe6+ 47. fxe6 Kc6 48. Kd4 f5 0-1

[Event "Hinton Foothills op"]
[Site "Hinton CAN"]
[Date "1999.02.14"]
[Round "3"]
[White "Grumic, Sasha"]
[Black "Ottosen, David"]
[Result "1/2-1/2"]
[WhiteElo "2215"]
[BlackElo "2035"]
[PlyCount "144"]
[GameId "2160767911805641"]
[EventDate "1999.02.13"]
[EventType "swiss"]
[EventRounds "4"]
[EventCountry "CAN"]
[SourceTitle "Albertabase"]
[SourceDate "2003.08.17"]
[SourceVersion "1"]
[SourceVersionDate "2003.08.17"]
[SourceQuality "1"]

1. Nf3 d5 2. g3 c6 3. Bg2 Nf6 4. d3 e6 5. Nbd2 Be7 6. e4 O-O 7. O-O b6 8. e5 Nfd7 9. Re1 Bb7 10. Nf1 c5 11. h4 Nc6 12. c3 Re8 13. Bh3 Nf8 14. d4 f6 15. Bf4 fxe5 16. Nxe5 Nxe5 17. Bxe5 Bf6 18. Qh5 Ng6 19. f4 Bxe5 20. fxe5 Qe7 21. Nh2 Ba6 22. Rad1 Qf7 23. Nf3 Nf8 24. Qxf7+ Kxf7 25. Bf1 Bxf1 26. Rxf1 Kg8 27. dxc5 bxc5 28. c4 Rad8 29. Kf2 Re7 30. Rd2 Red7 31. Rc1 Ng6 32. h5 Ne7 33. cxd5 Rxd5 34. Rdc2 Nc6 35. Rxc5 Nb4 36. Rxd5 Nxd5 37. Rc6 Rb8 38. b3 a5 39. Rxe6 a4 40. Rd6 Nc3 41. Rd3 axb3 42. axb3 Ne4+ 43. Kg2 Nc5 44. Rd1 Nxb3 45. Rb1 Rb5 46. Nd2 Nd4 47. Rxb5 Nxb5 48. Kf3 Kf7 49. Ke4 Nc7 50. Nf3 h6 51. Nd4 g6 52. g4 gxh5 53. gxh5 Ne8 54. Nf5 Ke6 55. Kf4 Kd5 56. Nxh6 Ng7 57. Ng4 Nxh5+ 58. Kf5 Ng7+ 59. Kf6 Ne8+ 60. Ke7 Nc7 61. Kd7 Ne6 62. Ke7 Nd4 63. Kf6 Ke4 64. Nh6 Kd5 65. Nf5 Nb5 66. e6 Nc7 67. e7 Kc6 68. Kf7 Kd7 69. Ng7 Kc6 70. Ne6 Nd5 71. e8=Q+ Kd6 72. Qb8+ Kc6 1/2-1/2

[Event "Hinton Foothills op"]
[Site "Hinton CAN"]
[Date "1999.02.14"]
[Round "4"]
[White "Ottosen, David"]
[Black "Odachowski, Arthur"]
[Result "1/2-1/2"]
[WhiteElo "2035"]
[BlackElo "2235"]
[PlyCount "65"]
[GameId "2160767911805642"]
[EventDate "1999.02.13"]
[EventType "swiss"]
[EventRounds "4"]
[EventCountry "CAN"]
[SourceTitle "Albertabase"]
[SourceDate "2003.08.17"]
[SourceVersion "1"]
[SourceVersionDate "2003.08.17"]
[SourceQuality "1"]

1. e4 c5 2. Nf3 d6 3. d4 cxd4 4. Nxd4 Nf6 5. Nc3 Nc6 6. Bc4 e6 7. Be3 a6 8. Bb3 Qc7 9. O-O Be7 10. f4 Na5 11. Ba4+ b5 12. Ndxb5 axb5 13. Nxb5 Qb8 14. Nc7+ Kf8 15. Nxa8 Qxa8 16. e5 Nd5 17. Bd4 Nc4 18. Bb3 Qc6 19. exd6 Nxd6 20. f5 Ne4 21. fxe6 Bxe6 22. Qe2 Nef6 23. a4 Bd6 24. Qf3 Ng4 25. g3 h5 26. Rae1 Bc5 27. Qe4 Rh6 28. c3 h4 29. Bxc5+ Qxc5+ 30. Qd4 Qxd4+ 31. cxd4 hxg3 32. Rxe6 gxh2+ 33. Kh1 1/2-1/2

[Event "Hull CC ch"]
[Site "Hull CAN"]
[Date "1999.03.02"]
[Round "1"]
[White "Lacourse, Guy"]
[Black "Scantland, Patrick"]
[Result "1/2-1/2"]
[WhiteElo "1620"]
[BlackElo "1582"]
[PlyCount "47"]
[GameId "2160767911805571"]
[EventDate "1999.03.03"]
[EventType "swiss"]
[EventRounds "5"]
[EventCountry "CAN"]
[SourceTitle "EXT 2022"]
[Source "ChessBase"]
[SourceDate "2021.10.06"]
[SourceVersion "1"]
[SourceVersionDate "2021.10.06"]
[SourceQuality "1"]

1. d4 d5 2. c4 c6 3. Nf3 Nf6 4. cxd5 cxd5 5. Nc3 Nc6 6. Bg5 e6 7. e3 Be7 8. Rc1 O-O 9. Bd3 Qa5 10. a3 Re8 11. O-O a6 12. Bb1 Qd8 13. Qc2 g6 14. Na4 Ne4 15. Bxe7 Rxe7 16. Nc5 e5 17. dxe5 Bf5 18. Nxe4 Bxe4 19. Qe2 Bxb1 20. Rxb1 Nxe5 21. Nd4 Rc8 22. Rfc1 Rec7 23. Rxc7 Rxc7 24. h3 1/2-1/2

[Event "Hull CC ch"]
[Site "Hull CAN"]
[Date "1999.03.03"]
[Round "1"]
[White "Charbonneau, Alain"]
[Black "Laurin, Jacques"]
[Result "1-0"]
[WhiteElo "1956"]
[BlackElo "1878"]
[PlyCount "151"]
[GameId "2160767911805572"]
[EventDate "1999.03.03"]
[EventType "swiss"]
[EventRounds "5"]
[EventCountry "CAN"]
[SourceTitle "EXT 2022"]
[Source "ChessBase"]
[SourceDate "2021.10.06"]
[SourceVersion "1"]
[SourceVersionDate "2021.10.06"]
[SourceQuality "1"]

1. Nf3 Nf6 2. d4 d5 3. c4 c6 4. Nc3 g6 5. Bf4 Bg7 6. e3 O-O 7. Bd3 Re8 8. O-O Ng4 9. cxd5 cxd5 10. Rc1 Nc6 11. h3 e5 12. dxe5 Ngxe5 13. Nxe5 Nxe5 14. Bb5 Re6 15. Nxd5 Rd6 16. e4 Be6 17. Bxe5 Bxe5 18. Qe2 Qh4 19. f4 Bd4+ 20. Kh2 a6 21. Ba4 Bxd5 22. exd5 Rxd5 23. Rc7 Rf5 24. Bb3 Rf8 25. Rxb7 Qf6 26. g3 Qc6 27. Re7 Bc5 28. Rc1 Qd6 29. Re8 g5 30. Rxf8+ Kxf8 31. Rd1 Qe7 32. Qxe7+ Bxe7 33. Rd5 Rxd5 34. Bxd5 gxf4 35. gxf4 Bf6 36. b4 Bc3 37. Bc4 Bxb4 38. Bxa6 Ke7 39. Kg3 Kf6 40. Bd3 Be1+ 41. Kg4 h6 42. a4 Bd2 43. Kf3 h5 44. Ke4 Ke6 45. Be2 f5+ 46. Kd3 Bxf4 47. Bxh5 Bg3 48. a5 Kd6 49. a6 Kc6 50. Ke3 Kb6 51. Be2 Be5 52. h4 Ka7 53. h5 Kb6 54. h6 Ka7 55. h7 Kb6 56. Kd2 f4 57. Kd3 f3 58. Bf1 Bh8 59. Ke4 f2 60. Kf5 Ka7 61. Kg6 Ba1 62. Kf7 Kb6 63. Kg8 Ka7 64. h8=Q Bxh8 65. Kxh8 Kb6 66. Kg7 Kc7 67. Kf6 Kb6 68. Ke5 Kc6 69. Ke4 Kb6 70. Kf3 Kc6 71. Kxf2 Kb6 72. Ke3 Kc6 73. Ke4 Kc7 74. Ke5 Kb6 75. Kd6 Ka7 76. Kc5 1-0

[Event "Hull CC ch"]
[Site "Hull CAN"]
[Date "1999.03.06"]
[Round "1"]
[White "Gagnon, Fabien"]
[Black "Cote, Jacques"]
[Result "0-1"]
[WhiteElo "2069"]
[BlackElo "2052"]
[PlyCount "55"]
[GameId "2160767911805573"]
[EventDate "1999.03.03"]
[EventType "swiss"]
[EventRounds "5"]
[EventCountry "CAN"]
[SourceTitle "EXT 2022"]
[Source "ChessBase"]
[SourceDate "2021.10.06"]
[SourceVersion "1"]
[SourceVersionDate "2021.10.06"]
[SourceQuality "1"]

1. Nf3 f5 2. g3 Nf6 3. Bg2 g6 4. O-O Bg7 5. d3 d5 6. c4 Nc6 7. Qa4 O-O 8. cxd5 Nxd5 9. Nc3 Nb6 10. Qb3+ Kh8 11. Ng5 Nd4 12. Qd1 h6 13. Nf3 e5 14. h4 f4 15. Nxd4 exd4 16. Ne4 Nd5 17. Qb3 fxg3 18. Nxg3 Nf4 19. Bxf4 Rxf4 20. h5 Be5 21. Qd5 Qxd5 22. Bxd5 gxh5 23. Bf3 Bg4 24. Bxg4 Rxg4 25. Kh1 Rag8 26. Rg1 R8g5 27. Rac1 Bf4 28. Rc4 0-1

[Event "Hull CC ch"]
[Site "Hull CAN"]
[Date "1999.03.14"]
[Round "1"]
[White "Thomann, Olivier"]
[Black "Beaudet, Jean-Luc"]
[Result "1-0"]
[WhiteElo "1787"]
[BlackElo "1785"]
[PlyCount "43"]
[GameId "2160767911805574"]
[EventDate "1999.03.03"]
[EventType "swiss"]
[EventRounds "5"]
[EventCountry "CAN"]
[SourceTitle "EXT 2022"]
[Source "ChessBase"]
[SourceDate "2021.10.06"]
[SourceVersion "1"]
[SourceVersionDate "2021.10.06"]
[SourceQuality "1"]

1. e4 e5 2. Nf3 Nf6 3. Nxe5 d6 4. Nf3 Nxe4 5. d4 d5 6. Bd3 Bd6 7. c4 Nf6 8. O-O O-O 9. c5 Be7 10. Bf4 Bg4 11. Nbd2 Re8 12. Qc2 g6 13. Ne5 Be6 14. Rfe1 Bf8 15. Ndf3 Ne4 16. Bxe4 dxe4 17. Qxe4 Bd5 18. Qd3 Nd7 19. Qc3 Nxe5 20. dxe5 Qe7 21. b4 Rad8 22. Bg5 1-0

[Event "Hull CC ch"]
[Site "Hull CAN"]
[Date "1999.03.09"]
[Round "2"]
[White "Lacourse, Guy"]
[Black "Massoulie, Francois"]
[Result "1-0"]
[WhiteElo "1620"]
[BlackElo "1423"]
[PlyCount "23"]
[GameId "2160767911805575"]
[EventDate "1999.03.03"]
[EventType "swiss"]
[EventRounds "5"]
[EventCountry "CAN"]
[SourceTitle "EXT 2022"]
[Source "ChessBase"]
[SourceDate "2021.10.06"]
[SourceVersion "1"]
[SourceVersionDate "2021.10.06"]
[SourceQuality "1"]

1. d4 Nf6 2. c4 e5 3. dxe5 Ng4 4. Bf4 g5 5. Bg3 h5 6. h3 Nh6 7. e4 g4 8. Nc3 Nc6 9. hxg4 hxg4 10. Qd2 Bg7 11. f4 Qe7 12. Nd5 1-0

[Event "Hull CC ch"]
[Site "Hull CAN"]
[Date "1999.03.09"]
[Round "2"]
[White "Laurin, Jacques"]
[Black "Groleau, Gilles"]
[Result "0-1"]
[WhiteElo "1878"]
[BlackElo "2001"]
[PlyCount "163"]
[GameId "2160767911805576"]
[EventDate "1999.03.03"]
[EventType "swiss"]
[EventRounds "5"]
[EventCountry "CAN"]
[SourceTitle "EXT 2022"]
[Source "ChessBase"]
[SourceDate "2021.10.06"]
[SourceVersion "1"]
[SourceVersionDate "2021.10.06"]
[SourceQuality "1"]

1. c4 Nf6 2. Nc3 e6 3. e4 c5 4. e5 Ng8 5. Nf3 Nc6 6. d4 cxd4 7. Nxd4 Nxe5 8. Ndb5 a6 9. Nd6+ Bxd6 10. Qxd6 Nc6 11. Bd3 Nge7 12. O-O O-O 13. Be3 Ng6 14. f4 f5 15. Rad1 Qe7 16. Bc5 Re8 17. Rde1 Kf7 18. Bxf5 Qxd6 19. Bxg6+ Kxg6 20. Bxd6 Ne7 21. g4 h5 22. Re5 hxg4 23. Rg5+ Kf7 24. Bxe7 Rxe7 25. Ne4 d5 26. Nd6+ Kg8 27. cxd5 exd5 28. Rxd5 Re2 29. Re5 Rxe5 30. fxe5 Be6 31. Nxb7 Rb8 32. Nc5 Bxa2 33. Nxa6 Rxb2 34. Rf2 Rb1+ 35. Kg2 Bd5+ 36. Kg3 Rg1+ 37. Kh4 Kh7 38. Nc7 Bf3 39. Ne6 Kh6 40. Ng5 g3 41. Nf7+ Kg6 42. Nh8+ Kh7 43. hxg3 Rh1+ 44. Kg5 Rh5+ 45. Kf4 Bd5 46. g4 Rh1 47. Rd2 Bg8 48. g5 g6 49. Nxg6 Rf1+ 50. Ke4 Kxg6 51. Rd6+ Kxg5 52. Rf6 Re1+ 53. Kd4 Rd1+ 54. Kc3 Rd5 55. Rf1 Be6 56. Re1 Kf5 57. Kb4 Rd8 58. Kc5 Bb3 59. Kc6 Ke6 60. Re3 Bd1 61. Kc7 Rd4 62. Kc6 Rc4+ 63. Kb5 Rc8 64. Kb4 Bg4 65. Kb5 Kd5 66. Kb4 Kd4 67. Re1 Rb8+ 68. Ka3 Be6 69. Ka4 Bd5 70. e6 Be4 71. Rd1+ Ke5 72. Re1 Re8 73. Kb4 Rxe6 74. Kc5 Rc6+ 75. Kb5 Rc8 76. Kb4 Kd4 77. Rd1+ Bd3 78. Rg1 Rb8+ 79. Ka5 Bc4 80. Rg4+ Kc5 81. Rg5+ Bd5 82. Rg6 0-1

[Event "Hull CC ch"]
[Site "Hull CAN"]
[Date "1999.03.09"]
[Round "2"]
[White "Thomann, Olivier"]
[Black "Lemieux, Richard"]
[Result "0-1"]
[WhiteElo "1787"]
[BlackElo "1670"]
[PlyCount "39"]
[GameId "2160767911805577"]
[EventDate "1999.03.03"]
[EventType "swiss"]
[EventRounds "5"]
[EventCountry "CAN"]
[SourceTitle "EXT 2022"]
[Source "ChessBase"]
[SourceDate "2021.10.06"]
[SourceVersion "1"]
[SourceVersionDate "2021.10.06"]
[SourceQuality "1"]

1. e4 c5 2. Nf3 d6 3. d4 cxd4 4. Nxd4 Nf6 5. Nc3 a6 6. Bc4 g6 7. O-O Bg7 8. Nf3 O-O 9. e5 dxe5 10. Qxd8 Rxd8 11. Nxe5 e6 12. Bg5 Rf8 13. Rfe1 b5 14. Bb3 Bb7 15. Rad1 Nc6 16. Nxf7 Rxf7 17. Bxe6 Nd8 18. Bb3 Kf8 19. Bxf7 Nxf7 20. Re6 0-1

[Event "Hull CC ch"]
[Site "Hull CAN"]
[Date "1999.03.13"]
[Round "2"]
[White "Gagnon, Fabien"]
[Black "Charbonneau, Alain"]
[Result "0-1"]
[WhiteElo "2069"]
[BlackElo "1956"]
[PlyCount "124"]
[GameId "2160767911805578"]
[EventDate "1999.03.03"]
[EventType "swiss"]
[EventRounds "5"]
[EventCountry "CAN"]
[SourceTitle "EXT 2022"]
[Source "ChessBase"]
[SourceDate "2021.10.06"]
[SourceVersion "1"]
[SourceVersionDate "2021.10.06"]
[SourceQuality "1"]

1. d4 Nf6 2. Nf3 e6 3. Nbd2 d5 4. e3 c5 5. c3 Nc6 6. Ne5 Nxe5 7. dxe5 Ng8 8. Nf3 Ne7 9. Bd3 Nc6 10. Qa4 c4 11. Bb1 Qc7 12. Nd4 Bd7 13. Qd1 Qxe5 14. f4 Qc7 15. O-O Nxd4 16. exd4 Bd6 17. Bd2 h5 18. b3 O-O-O 19. bxc4 Qxc4 20. Rf3 Kb8 21. Bd3 Qa4 22. Bc2 Qa6 23. a4 Bc7 24. Bd3 Qd6 25. Bc1 Bc6 26. Qb3 Ka8 27. Ba3 Qd7 28. Bb4 g6 29. Rf2 Rb8 30. a5 Bb5 31. Bxb5 Qxb5 32. Qa3 Qa6 33. Bc5 Rhd8 34. Be7 Bd6 35. Bxd6 Qxd6 36. Qa4 Rdc8 37. Qb3 Rc4 38. Ra3 Rbc8 39. Qb2 Qc6 40. Rf3 Ra4 41. Qb3 Rxa3 42. Qxa3 Qb5 43. Kf2 Qc4 44. Ke1 Qc7 45. Qb4 Qc4 46. Qa3 Qc7 47. Kd2 Qc4 48. Rf2 a6 49. Re2 Qc7 50. g3 Qc4 51. Re1 Qc7 52. Rb1 h4 53. Re1 hxg3 54. hxg3 g5 55. Re5 gxf4 56. gxf4 f6 57. Rxe6 Qxf4+ 58. Ke1 Qg3+ 59. Kd2 Qf4+ 60. Ke1 Rh8 61. Qd6 Rh1+ 62. Ke2 Rh2+ 0-1

[Event "Hull CC ch"]
[Site "Hull CAN"]
[Date "1999.03.16"]
[Round "3"]
[White "Gaudet, Alain"]
[Black "Thomann, Olivier"]
[Result "0-1"]
[WhiteElo "1696"]
[BlackElo "1787"]
[PlyCount "130"]
[GameId "2160767911805579"]
[EventDate "1999.03.03"]
[EventType "swiss"]
[EventRounds "5"]
[EventCountry "CAN"]
[SourceTitle "EXT 2022"]
[Source "ChessBase"]
[SourceDate "2021.10.06"]
[SourceVersion "1"]
[SourceVersionDate "2021.10.06"]
[SourceQuality "1"]

1. e4 e5 2. Nf3 Nc6 3. Bc4 Bc5 4. O-O Nf6 5. d3 d6 6. Be3 Bb6 7. h3 Qe7 8. Bxb6 axb6 9. Nc3 Be6 10. Bxe6 Qxe6 11. Nb5 Qd7 12. Re1 O-O 13. c4 Rfe8 14. a3 Nd8 15. Nc3 Ne6 16. Ne2 b5 17. Qc2 bxc4 18. dxc4 Nh5 19. Kh2 Nhf4 20. Nxf4 Nxf4 21. Ng1 Qc6 22. g3 Ne6 23. Nf3 Reb8 24. a4 Qc5 25. b3 Qb4 26. Rac1 Nc5 27. Re3 Ne6 28. Qc3 Qxc3 29. Rexc3 Kf8 30. Kg2 Nc5 31. Re1 c6 32. Nd2 b5 33. cxb5 cxb5 34. axb5 Rxb5 35. Ree3 Rab8 36. Kf1 Rb4 37. Ke2 Ke7 38. f4 Ne6 39. fxe5 dxe5 40. Nf3 f6 41. Kf2 R8b7 42. Ne1 Nd4 43. Nc2 Rxb3 44. Rxb3 Nxb3 45. Rc3 Nd4 46. Nxd4 exd4 47. Rc4 Rd7 48. Ke2 d3+ 49. Kd2 Ke6 50. Rc1 Ke5 51. Ke3 d2 52. Rd1 Rd4 53. Rxd2 Rxd2 54. Kxd2 Kxe4 55. Ke2 h5 56. h4 f5 57. Kf2 f4 58. Kg2 f3+ 59. Kf2 g6 60. Kf1 Ke3 61. Ke1 f2+ 62. Kf1 Kf3 63. g4 hxg4 64. h5 g3 65. h6 g2# 0-1

[Event "Hull CC ch"]
[Site "Hull CAN"]
[Date "1999.03.16"]
[Round "3"]
[White "Seguin, Hubert"]
[Black "Lacourse, Guy"]
[Result "1/2-1/2"]
[WhiteElo "1649"]
[BlackElo "1620"]
[PlyCount "60"]
[GameId "2160767911805580"]
[EventDate "1999.03.03"]
[EventType "swiss"]
[EventRounds "5"]
[EventCountry "CAN"]
[SourceTitle "EXT 2022"]
[Source "ChessBase"]
[SourceDate "2021.10.06"]
[SourceVersion "1"]
[SourceVersionDate "2021.10.06"]
[SourceQuality "1"]

1. e4 c5 2. Nc3 e6 3. g3 d5 4. exd5 exd5 5. Bg2 Nf6 6. d4 cxd4 7. Qxd4 Nc6 8. Qd1 Bb4 9. Bd2 O-O 10. Nge2 Re8 11. O-O Bf5 12. Re1 d4 13. Nb1 d3 14. cxd3 Qxd3 15. Bxc6 bxc6 16. Bxb4 Qxd1 17. Rxd1 Rxe2 18. Nd2 a5 19. Bc3 Nd5 20. Bd4 Bc2 21. Kf1 Bxd1 22. Rxd1 Re6 23. Nb3 f6 24. Nc5 Re7 25. Rc1 Kf7 26. Nd3 Nb4 27. Nxb4 axb4 28. Rxc6 Rd7 29. Rc4 Rxa2 30. Rxb4 Rxd4 1/2-1/2

[Event "Hull CC ch"]
[Site "Hull CAN"]
[Date "1999.03.21"]
[Round "4"]
[White "Gagnon, Fabien"]
[Black "Duquette, Patrick"]
[Result "1-0"]
[WhiteElo "2069"]
[BlackElo "1881"]
[PlyCount "37"]
[GameId "2160767911805581"]
[EventDate "1999.03.03"]
[EventType "swiss"]
[EventRounds "5"]
[EventCountry "CAN"]
[SourceTitle "EXT 2022"]
[Source "ChessBase"]
[SourceDate "2021.10.06"]
[SourceVersion "1"]
[SourceVersionDate "2021.10.06"]
[SourceQuality "1"]

1. Nf3 Nf6 2. d4 g6 3. c4 Bg7 4. g3 O-O 5. Bg2 d6 6. O-O Nbd7 7. Nc3 e5 8. e4 c6 9. h3 Re8 10. Re1 exd4 11. Nxd4 Nc5 12. Qc2 Nfxe4 13. Nxe4 Bxd4 14. Bg5 f6 15. Bxf6 Bxf6 16. Nxf6+ Qxf6 17. Rxe8+ Kf7 18. Re3 Kg7 19. Rae1 1-0

[Event "Hull CC ch"]
[Site "Hull CAN"]
[Date "1999.03.23"]
[Round "4"]
[White "Lacourse, Guy"]
[Black "Menard, Marc"]
[Result "0-1"]
[WhiteElo "1620"]
[BlackElo "1499"]
[PlyCount "40"]
[GameId "2160767911805582"]
[EventDate "1999.03.03"]
[EventType "swiss"]
[EventRounds "5"]
[EventCountry "CAN"]
[SourceTitle "EXT 2022"]
[Source "ChessBase"]
[SourceDate "2021.10.06"]
[SourceVersion "1"]
[SourceVersionDate "2021.10.06"]
[SourceQuality "1"]

1. d4 Nf6 2. c4 e5 3. dxe5 Ng4 4. Bf4 Nc6 5. Nf3 Bb4+ 6. Nc3 Bxc3+ 7. bxc3 Qe7 8. Qd5 f6 9. exf6 Nxf6 10. Qd3 d6 11. e3 O-O 12. h3 Ne5 13. Nxe5 dxe5 14. Bg5 Be6 15. Qc2 Qf7 16. Qb3 Ne4 17. Bh4 Nxf2 18. Bxf2 Qxf2+ 19. Kd1 Rad8+ 20. Kc1 Qd2+ 0-1

[Event "Hull CC ch"]
[Site "Hull CAN"]
[Date "1999.03.23"]
[Round "4"]
[White "Thomann, Olivier"]
[Black "Maisonneuve, Paul"]
[Result "1/2-1/2"]
[WhiteElo "1787"]
[BlackElo "1617"]
[PlyCount "112"]
[GameId "2160767911805583"]
[EventDate "1999.03.03"]
[EventType "swiss"]
[EventRounds "5"]
[EventCountry "CAN"]
[SourceTitle "EXT 2022"]
[Source "ChessBase"]
[SourceDate "2021.10.06"]
[SourceVersion "1"]
[SourceVersionDate "2021.10.06"]
[SourceQuality "1"]

1. e4 d6 2. d4 Nf6 3. Nc3 c6 4. f4 Qa5 5. Bd3 e5 6. dxe5 dxe5 7. fxe5 Ng4 8. h3 Nxe5 9. Nf3 Bd6 10. O-O Nbd7 11. Ne2 Nxf3+ 12. Rxf3 O-O 13. Kh1 Ne5 14. Rf1 Qc7 15. Nd4 Bd7 16. Be3 a6 17. Nf5 Bxf5 18. exf5 Nxd3 19. Qxd3 Rad8 20. Qb3 c5 21. f6 c4 22. Qb6 Rfe8 23. fxg7 Re6 24. Qxc7 Bxc7 25. Bg5 Rde8 26. Bf6 Bd8 27. Bc3 Re2 28. Rad1 b5 29. Rd7 R2e7 30. Rfd1 Bc7 31. Rxe7 Rxe7 32. Kg1 Be5 33. Rd8+ Kxg7 34. Bxe5+ Rxe5 35. Kf2 a5 36. Rd4 f6 37. a4 Kg6 38. axb5 Rxb5 39. Rxc4 Rxb2 40. Ke2 Rb5 41. Ra4 Kf7 42. Kd3 Ke6 43. Rh4 h5 44. Ra4 Rc5 45. c4 Ke5 46. Ra2 f5 47. g3 Kd6 48. Kd4 Re5 49. Rf2 a4 50. Ra2 Ra5 51. c5+ Rxc5 52. Rxa4 Rd5+ 53. Ke3 Ke5 54. Rh4 Kf6 55. Rc4 Ke5 56. h4 Ra5 1/2-1/2

[Event "Hull CC ch"]
[Site "Hull CAN"]
[Date "1999.03.30"]
[Round "5"]
[White "Levesque, Andre"]
[Black "Lacourse, Guy"]
[Result "0-1"]
[WhiteElo "1406"]
[BlackElo "1620"]
[PlyCount "90"]
[GameId "2160767911805584"]
[EventDate "1999.03.03"]
[EventType "swiss"]
[EventRounds "5"]
[EventCountry "CAN"]
[SourceTitle "EXT 2022"]
[Source "ChessBase"]
[SourceDate "2021.10.06"]
[SourceVersion "1"]
[SourceVersionDate "2021.10.06"]
[SourceQuality "1"]

1. e4 c5 2. Nc3 e6 3. g3 d5 4. exd5 exd5 5. Bg2 Nf6 6. Nge2 Bf5 7. Nf4 Be6 8. O-O Nc6 9. Re1 Nd4 10. Ncxd5 Nxd5 11. Nxd5 Qd7 12. c4 O-O-O 13. d3 Bd6 14. b3 Rhe8 15. a3 Bg4 16. Qd2 Rxe1+ 17. Qxe1 Nc2 18. Qc3 Nxa1 19. Qxa1 Re8 20. Bb2 Qe6 21. Ne3 Bh3 22. Bc3 Bxg2 23. Nxg2 f6 24. Qc1 Qe2 25. Qe1 Qxe1+ 26. Nxe1 Re2 27. Kf1 Rc2 28. Ba1 Ra2 29. Bc3 Rxa3 30. f4 Rxb3 31. Bd2 a6 32. Ke2 Rb1 33. Ke3 b5 34. cxb5 axb5 35. Ke4 Kd7 36. Kd5 b4 37. f5 b3 38. Bf4 Bxf4 39. Nf3 Bd6 40. Nd2 Rb2 41. Nc4 Rxh2 42. Nxd6 b2 43. Kxc5 b1=Q 44. d4 Rc2+ 45. Kd5 Qb3+ 0-1

[Event "Hull CC ch"]
[Site "Hull CAN"]
[Date "1999.03.31"]
[Round "5"]
[White "Duquette, Patrick"]
[Black "Charbonneau, Alain"]
[Result "0-1"]
[WhiteElo "1881"]
[BlackElo "1956"]
[PlyCount "58"]
[GameId "2160767911805585"]
[EventDate "1999.03.03"]
[EventType "swiss"]
[EventRounds "5"]
[EventCountry "CAN"]
[SourceTitle "EXT 2022"]
[Source "ChessBase"]
[SourceDate "2021.10.06"]
[SourceVersion "1"]
[SourceVersionDate "2021.10.06"]
[SourceQuality "1"]

1. d4 Nf6 2. c4 e6 3. Nc3 Bb4 4. Qc2 d5 5. cxd5 Qxd5 6. e3 O-O 7. Nge2 c5 8. a3 cxd4 9. Nxd4 Bxc3+ 10. Qxc3 Bd7 11. Be2 e5 12. Nf3 e4 13. Nd4 Rc8 14. Qd2 a6 15. O-O Nc6 16. Rd1 Qg5 17. f4 Qh4 18. Nxc6 Rxc6 19. Rf1 Rac8 20. Bd1 Bg4 21. h3 Bxd1 22. Rxd1 Nh5 23. Qd4 Ng3 24. Re1 Nf5 25. Qd1 Qg3 26. Bd2 Nh4 27. Qe2 Nf3+ 28. Kf1 Nxe1 29. Bxe1 Qh2 0-1

[Event "Hull CC ch"]
[Site "Hull CAN"]
[Date "1999.03.31"]
[Round "5"]
[White "Laurin, Jacques"]
[Black "Gagnon, Fabien"]
[Result "1/2-1/2"]
[WhiteElo "1878"]
[BlackElo "2069"]
[PlyCount "68"]
[GameId "2160767911805586"]
[EventDate "1999.03.03"]
[EventType "swiss"]
[EventRounds "5"]
[EventCountry "CAN"]
[SourceTitle "EXT 2022"]
[Source "ChessBase"]
[SourceDate "2021.10.06"]
[SourceVersion "1"]
[SourceVersionDate "2021.10.06"]
[SourceQuality "1"]

1. c4 e6 2. Nc3 d5 3. cxd5 exd5 4. e3 Nf6 5. Nf3 Be7 6. b3 O-O 7. Bb2 c5 8. Be2 Nc6 9. d4 Re8 10. O-O Bg4 11. dxc5 Bxc5 12. Nb5 Ne4 13. Nbd4 Qe7 14. Rc1 Bxf3 15. Bxf3 Ne5 16. Bxe4 dxe4 17. Nf5 Qg5 18. Rxc5 Qxf5 19. Bxe5 Rxe5 20. Rc7 Rd5 21. Qc2 b6 22. f3 exf3 23. Qxf5 Rxf5 24. gxf3 Ra5 25. Rfc1 g6 26. a4 Rd8 27. Rc8 Rxc8 28. Rxc8+ Kg7 29. Kf2 b5 30. Rc5 Kf6 31. axb5 Ke6 32. e4 h6 33. Ke3 Ra3 34. Rc3 Ra5 1/2-1/2